[Event "msr_zs_ss_201819"]
[Site "?"]
[Date "2019.03.27"]
[Round "2.9"]
[White "Cedzo, Adam"]
[Black "Sosovickova, Jana"]
[Result "0-1"]
[WhiteElo "1468"]
[BlackElo "1546"]
[PlyCount "106"]
[EventDate "2019.??.??"]
[WhiteClock "0:00:43"]
[BlackClock "0:01:40"]

1. e4 e5 2. Nf3 Nc6 3. Bc4 Bc5 4. c3 Nf6 5. d4 exd4 6. e5 Qe7 7. cxd4 Bb4+ 8.
Bd2 Ne4 9. O-O Nxd2 10. Nbxd2 O-O 11. a3 Bxd2 12. Qxd2 d6 13. exd6 Qxd6 14.
Rfe1 Bg4 15. Rad1 Rad8 16. Be2 Bxf3 17. Bxf3 Nxd4 18. Qc3 Nxf3+ 19. Qxf3 Qb6
20. h3 Rxd1 21. Rxd1 Qxb2 22. Rd7 c6 23. Qe3 a6 24. Qe7 h6 25. Rxb7 Qc1+ 26.
Kh2 Qf4+ 27. Kg1 Rb8 28. Qd7 c5 29. Rxb8+ Qxb8 30. Qc6 Qa7 31. h4 h5 32. Kh1 g6
33. f4 Kg7 34. Qd6 c4 35. f5 Qf2 36. Qe5+ Kh7 37. fxg6+ fxg6 38. Qe7+ Kh6 39.
Qg5+ Kg7 40. Qe5+ Qf6 41. Qc7+ Qf7 42. Qe5+ Kh7 43. Qe1 Qg7 44. Qf1 c3 45. Qxa6
c2 46. Qf1 Qd7 47. Kh2 Qd6+ 48. Kh3 Qxa3+ 49. Kh2 Qd6+ 50. Kh3 Qd7+ 51. Kh2
Qc7+ 52. Kh3 c1=Q 53. Qxc1 Qxc1 0-1

[Event "msr_zs_ss_201819"]
[Site "?"]
[Date "2019.03.27"]
[Round "2.10"]
[White "Sosovickova, Martina"]
[Black "Gartner, Mikulas"]
[Result "0-1"]
[WhiteElo "1192"]
[BlackElo "1334"]
[PlyCount "106"]
[EventDate "2019.??.??"]
[WhiteClock "0:00:54"]
[BlackClock "0:02:42"]

1. e4 e5 2. Nf3 Nc6 3. Nc3 Nf6 4. Bb5 d6 5. d4 Bd7 6. dxe5 dxe5 7. O-O Bd6 8.
Bg5 O-O 9. Nd5 Be7 10. Nxe7+ Qxe7 11. Bxf6 gxf6 12. Nh4 Kh8 13. Qh5 Rg8 14.
Bxc6 bxc6 15. Nf5 Qf8 16. Nh6 Rg6 17. Nf5 Rg5 18. Qh6 Qxh6 19. Nxh6 Kg7 20.
Nf5+ Bxf5 21. exf5 Rxf5 22. Rad1 e4 23. Rd7 Rc8 24. Re7 Re5 25. Rxe5 fxe5 26.
Re1 Rd8 27. f3 exf3 28. gxf3 Kf6 29. Rf1 Kf5 30. Re1 Rd2 31. Re4 Rxc2 32. Rh4
Rxb2 33. Rxh7 Kg6 34. Rh4 Rxa2 35. Rc4 Ra6 36. Rc5 Kf6 37. Kf2 Ke6 38. Ke3 Kd6
39. Rc3 f5 40. Rd3+ Ke6 41. Rb3 c5 42. Rc3 Kd5 43. Rd3+ Kc4 44. Rd1 Ra3+ 45.
Ke2 Ra2+ 46. Ke1 Rxh2 47. Rc1+ Kd5 48. Rd1+ Ke6 49. Rd8 c4 50. Rc8 Kd7 51. Rf8
f4 52. Ra8 c3 53. Rxa7 c2 0-1

[Event "msr_zs_ss_201819"]
[Site "?"]
[Date "2019.03.27"]
[Round "2.11"]
[White "Kovalcik, Marko"]
[Black "Ulmanova, Stela"]
[Result "0-1"]
[WhiteElo "1244"]
[BlackElo "1000"]
[PlyCount "55"]
[EventDate "2019.??.??"]
[WhiteClock "0:00:22"]
[BlackClock "0:02:19"]

1. e4 e5 2. Nf3 Nc6 3. Bc4 h6 4. Nc3 Nf6 5. d3 Bc5 6. Na4 d6 7. Nxc5 dxc5 8.
Be3 Bg4 9. Bxc5 b6 10. Be3 O-O 11. h3 Bh5 12. g4 Bg6 13. Bb5 Nd4 14. Bxd4 exd4
15. e5 Nh7 16. Qd2 c5 17. O-O-O a6 18. Bc6 Rb8 19. h4 f6 20. h5 Bf7 21. Be4 Be6
22. Rdg1 Bd5 23. Bxd5+ Qxd5 24. Qd1 fxe5 25. Rg3 Rbe8 26. g5 e4 27. gxh6 Re7
28. Rhg1 0-1

[Event "msr_zs_ss_201819"]
[Site "?"]
[Date "2019.03.27"]
[Round "2.12"]
[White "Hornik"]
[Black "Obrocnikova, Viktoria"]
[Result "0-1"]
[WhiteElo "1000"]
[BlackElo "1232"]
[PlyCount "82"]
[EventDate "2019.??.??"]
[WhiteClock "0:00:07"]
[BlackClock "0:02:40"]

1. e4 e5 2. Nf3 Nc6 3. Bc4 Bc5 4. O-O Nf6 5. Nc3 d6 6. h3 O-O 7. d3 Be6 8. Bb5
a6 9. Bxc6 bxc6 10. a3 Re8 11. b4 Ba7 12. Ne2 h6 13. c4 Qe7 14. Nc3 Rab8 15.
Rb1 c5 16. bxc5 Bxc5 17. Qa4 Rxb1 18. Nxb1 Ra8 19. Nbd2 Qd8 20. Bb2 Bd7 21. Qa5
Bb6 22. Qc3 Nh5 23. d4 Nf4 24. Ne1 Ne2+ 25. Kh1 Nxc3 26. Bxc3 exd4 27. Bb2 Qf6
28. Nef3 c5 29. Rd1 Re8 30. Re1 Qf4 31. Re2 g5 32. g4 h5 33. Nh2 hxg4 34. hxg4
Bxg4 35. f3 Bh5 36. Rf2 f5 37. exf5 Re1+ 38. Ndf1 Kf7 39. Kg1 Qxf5 40. a4 Bc7
41. a5 Qh3 0-1

[Event "msr_zs_ss_201819"]
[Site "?"]
[Date "2019.03.27"]
[Round "2.13"]
[White "Valko, Michal"]
[Black "Greno, Pavol"]
[Result "1-0"]
[WhiteElo "1462"]
[BlackElo "1351"]
[PlyCount "89"]
[EventDate "2019.??.??"]
[WhiteClock "0:00:34"]
[BlackClock "0:00:21"]

1. e4 c5 2. Nf3 d6 3. d4 cxd4 4. Nxd4 Nf6 5. Nc3 g6 6. Bc4 Bg7 7. O-O O-O 8.
Re1 Nc6 9. Bb3 a6 10. Nf3 Bd7 11. Nd5 Rc8 12. Bg5 Nxd5 13. exd5 Ne5 14. Nxe5
dxe5 15. d6 Bf6 16. dxe7 Bxe7 17. Bxe7 Qxe7 18. Qd5 Bf5 19. Rxe5 Qc7 20. Rae1
Rfd8 21. Qf3 Rd7 22. c3 Rcd8 23. Qg3 Kf8 24. Qh4 Kg7 25. Re7 Rxe7 26. Rxe7 Rd7
27. Rxd7 Qxd7 28. Qd4+ Qxd4 29. cxd4 Kf6 30. f3 Ke7 31. Kf2 Be6 32. Bxe6 Kxe6
33. Ke3 Kd5 34. Kd3 h6 35. g3 f6 36. b3 b6 37. Ke3 Kd6 38. Ke4 Ke6 39. d5+ Kd6
40. Kd4 Kd7 41. f4 Ke7 42. a4 Kd7 43. g4 g5 44. fxg5 fxg5 45. Ke5 1-0

[Event "msr_zs_ss_201819"]
[Site "?"]
[Date "2019.03.27"]
[Round "2.14"]
[White "Simon, Leonard"]
[Black "Pisko, Tomas"]
[Result "1-0"]
[WhiteElo "1375"]
[BlackElo "1000"]
[PlyCount "91"]
[EventDate "2019.??.??"]
[WhiteClock "0:02:38"]
[BlackClock "0:01:25"]

1. e4 e5 2. Nf3 Nc6 3. Bc4 Nf6 4. d3 g6 5. h3 Bg7 6. O-O O-O 7. c3 a6 8. Bb3 d6
9. Re1 Re8 10. Nbd2 Ne7 11. Nf1 b6 12. Ng3 Bb7 13. Be3 d5 14. Nxe5 Rf8 15. exd5
Nexd5 16. Bd4 c5 17. Be3 Nxe3 18. Rxe3 b5 19. a4 c4 20. dxc4 Qxd1+ 21. Rxd1
bxc4 22. Bxc4 Rac8 23. b3 a5 24. Ne2 Ne4 25. Nxf7 Rxf7 26. Bxf7+ Kxf7 27. Rd7+
Ke8 28. Rxb7 Kd8 29. Rxg7 Rc7 30. Rxc7 Kxc7 31. Rxe4 Kc6 32. Nd4+ Kd5 33. Re6
g5 34. f3 h5 35. Kf2 g4 36. fxg4 hxg4 37. hxg4 Kc5 38. Ke3 Kd5 39. c4+ Kc5 40.
Rc6+ Kb4 41. Kd3 Ka3 42. Kc3 Ka2 43. Re6 Ka3 44. Re1 Ka2 45. Rd1 Ka3 46. Ra1#
1-0

[Event "msr_zs_ss_201819"]
[Site "?"]
[Date "2019.03.27"]
[Round "2.15"]
[White "Valcerova, Michaela"]
[Black "Kuzma, Samuel"]
[Result "0-1"]
[WhiteElo "1000"]
[BlackElo "1394"]
[PlyCount "74"]
[EventDate "2019.??.??"]
[WhiteClock "0:06:32"]
[BlackClock "0:05:13"]

1. Nf3 e6 2. g3 d5 3. Bg2 Bd6 4. O-O c5 5. d3 Nf6 6. e3 Nc6 7. Nc3 Bd7 8. b3
O-O 9. Bb2 a6 10. Re1 Rc8 11. Bh3 b5 12. a3 Na5 13. b4 Nb7 14. Qe2 cxb4 15.
axb4 Bxb4 16. Rxa6 Bxc3 17. Bxc3 Rxc3 18. Rea1 Qc7 19. R1a3 Rxc2 20. Qd1 Rc1
21. Qxc1 Qxc1+ 22. Bf1 b4 23. Ra1 Qc3 24. R6a2 b3 25. Ra3 b2 26. Rxc3 bxa1=Q
27. Rc7 Nd6 28. Kg2 Rc8 29. Rxc8+ Nxc8 30. d4 Na7 31. Ne5 Nc6 32. Bb5 Nxe5 33.
dxe5 Qxe5 34. Bf1 Bc6 35. f4 Qxe3 36. Kh3 Qf3 37. Bg2 Qg4# 0-1

[Event "msr_zs_ss_201819"]
[Site "?"]
[Date "2019.03.27"]
[Round "3.1"]
[White "Slovak, Pavol"]
[Black "Volcko, Richard"]
[Result "0-1"]
[WhiteElo "1368"]
[BlackElo "1835"]
[PlyCount "76"]
[EventDate "2019.??.??"]
[WhiteClock "0:00:41"]
[BlackClock "0:01:17"]

1. Nf3 Nf6 2. g3 g6 3. Bg2 Bg7 4. d4 d6 5. c4 O-O 6. Nc3 Nc6 7. O-O a6 8. Re1
Rb8 9. a4 Na5 10. Qd3 c5 11. d5 Nd7 12. Rb1 Nb3 13. Ne4 Nxc1 14. Rexc1 Ne5 15.
Nxe5 Bxe5 16. b3 Bd7 17. Ng5 h6 18. Nf3 Bg7 19. Nd2 b5 20. axb5 axb5 21. Rc2
Qb6 22. Ra2 Ra8 23. Qc2 Qb7 24. e3 Rxa2 25. Qxa2 Ra8 26. Qc2 Qa7 27. b4 cxb4
28. Rxb4 Qa3 29. Rb3 Qc5 30. Bf1 b4 31. Ne4 Qa5 32. c5 Ba4 33. cxd6 exd6 34.
Nxd6 Qxd5 35. Rd3 Bxc2 36. Rxd5 b3 37. Bd3 Bxd3 38. Rxd3 b2 0-1

[Event "msr_zs_ss_201819"]
[Site "?"]
[Date "2019.03.27"]
[Round "3.2"]
[White "Ferkova, Dominika"]
[Black "Sobekova, Adela"]
[Result "1-0"]
[WhiteElo "1766"]
[BlackElo "1236"]
[PlyCount "39"]
[EventDate "2019.??.??"]
[WhiteClock "0:06:59"]
[BlackClock "0:06:53"]

1. d4 Nf6 2. c4 g6 3. Nc3 Bg7 4. e4 d6 5. f3 O-O 6. Be3 Nbd7 7. Bd3 c6 8. Nge2
e5 9. d5 cxd5 10. cxd5 Nc5 11. Rc1 b6 12. Bb1 Bb7 13. Qd2 Nh5 14. g4 Nf6 15.
Bg5 Qd7 16. Ng3 h5 17. gxh5 Nxh5 18. Nxh5 gxh5 19. Rg1 Kh8 20. Bf6 1-0

[Event "msr_zs_ss_201819"]
[Site "?"]
[Date "2019.03.27"]
[Round "3.3"]
[White "Osadsky, Jan"]
[Black "Billy, Benedikt"]
[Result "1-0"]
[WhiteElo "1235"]
[BlackElo "1414"]
[PlyCount "71"]
[EventDate "2019.??.??"]
[WhiteClock "0:06:56"]
[BlackClock "0:08:40"]

1. e4 e5 2. Nf3 Nc6 3. d4 exd4 4. Nxd4 Nxd4 5. Qxd4 Nf6 6. Bg5 Be7 7. e5 Ng8 8.
Bxe7 Nxe7 9. Nc3 O-O 10. Bd3 Nc6 11. Qe4 g6 12. O-O-O Re8 13. f4 d5 14. Qxd5
Qxd5 15. Nxd5 Rb8 16. Nxc7 Rd8 17. Bc4 Rxd1+ 18. Rxd1 Bg4 19. Rd2 a6 20. Nd5
Be6 21. Nf6+ Kf8 22. Bxe6 Kg7 23. Bc4 b5 24. Rd6 Nxe5 25. fxe5 bxc4 26. Rxa6
Re8 27. Nxe8+ Kh6 28. Ra7 f5 29. exf6 c3 30. bxc3 g5 31. f7 Kh5 32. Nf6+ Kh4
33. f8=Q h5 34. Ra4+ g4 35. Rxg4+ hxg4 36. Qh6# 1-0

[Event "msr_zs_ss_201819"]
[Site "?"]
[Date "2019.03.27"]
[Round "3.4"]
[White "Roman, Filip"]
[Black "Jelok, Simon"]
[Result "0-1"]
[WhiteElo "1316"]
[BlackElo "1000"]
[PlyCount "54"]
[EventDate "2019.??.??"]
[WhiteClock "0:06:01"]
[BlackClock "0:04:18"]

1. e4 e5 2. Nf3 Nc6 3. Bb5 d5 4. Nc3 Nf6 5. exd5 Nxd5 6. h3 Nxc3 7. bxc3 e4 8.
Nd4 Qd6 9. O-O Bd7 10. Bb2 Nxd4 11. Bxd7+ Qxd7 12. cxd4 O-O-O 13. Re1 f5 14.
Rb1 g5 15. d5 Bg7 16. Bxg7 Qxg7 17. c4 h5 18. Qb3 b6 19. c5 g4 20. hxg4 hxg4
21. cxb6 axb6 22. g3 Qh7 23. Kf1 Qh1+ 24. Ke2 Qf3+ 25. Qxf3 exf3+ 26. Ke3 Rxd5
27. Rb3 Re8+ 0-1

[Event "msr_zs_ss_201819"]
[Site "?"]
[Date "2019.03.27"]
[Round "3.5"]
[White "Ondo, Tomas"]
[Black "Kovac, Ondrej"]
[Result "1-0"]
[WhiteElo "1844"]
[BlackElo "1763"]
[PlyCount "65"]
[EventDate "2019.??.??"]
[WhiteClock "0:00:26"]
[BlackClock "0:00:17"]

1. d4 d5 2. Bf4 Bf5 3. e3 e6 4. Nf3 Nf6 5. c4 Bxb1 6. Qxb1 Bb4+ 7. Ke2 dxc4 8.
Ne5 Nd5 9. g3 c3 10. a3 Ba5 11. b4 Bb6 12. h4 Nd7 13. Nd3 N7f6 14. Bg5 Qd7 15.
Bxf6 Nxf6 16. Bg2 Bxd4 17. exd4 Qxd4 18. Rd1 Ng4 19. Kf1 Qc4 20. Qc2 Rd8 21.
Kg1 O-O 22. Rac1 c6 23. Qxc3 Qa6 24. Qc4 Qxc4 25. Rxc4 Ne5 26. Rc3 Rd4 27. Nb2
Rxd1+ 28. Nxd1 Rd8 29. Ne3 Rd2 30. b5 Nd3 31. bxc6 bxc6 32. Rxc6 g6 33. Rd6 1-0

[Event "msr_zs_ss_201819"]
[Site "?"]
[Date "2019.03.27"]
[Round "3.6"]
[White "Stauder, Matej"]
[Black "Ihnat, Marek"]
[Result "0-1"]
[WhiteElo "1483"]
[BlackElo "1753"]
[PlyCount "58"]
[EventDate "2019.??.??"]
[WhiteClock "0:00:49"]
[BlackClock "0:00:31"]

1. e4 c5 2. Nf3 d6 3. d4 cxd4 4. Nxd4 Nf6 5. Nc3 g6 6. f3 Bg7 7. Be3 O-O 8. Qd2
Nc6 9. O-O-O d5 10. exd5 Nxd5 11. Nxc6 bxc6 12. Nxd5 cxd5 13. Qxd5 Qc7 14. Bd3
Be6 15. Qc5 Qb7 16. b3 Rfc8 17. Qb5 Qc7 18. Bd2 Rab8 19. Qa4 Qe5 20. c3 Rxc3+
21. Bxc3 Qxc3+ 22. Bc2 Qb2+ 23. Kd2 Rd8+ 24. Ke1 Qc3+ 25. Kf1 Rxd1+ 26. Bxd1
Qd3+ 27. Kf2 Bd4+ 28. Kg3 Qd2 29. Rf1 Qg5# 0-1

[Event "msr_zs_ss_201819"]
[Site "?"]
[Date "2019.03.27"]
[Round "3.7"]
[White "Polak, Marcel"]
[Black "Sivcak, Matej"]
[Result "0-1"]
[WhiteElo "1550"]
[BlackElo "1281"]
[PlyCount "74"]
[EventDate "2019.??.??"]
[WhiteClock "0:02:11"]
[BlackClock "0:00:42"]

1. d4 d5 2. Bf4 Bf5 3. e3 e6 4. c4 Bxb1 5. Rxb1 Bb4+ 6. Ke2 dxc4 7. Qa4+ Nc6 8.
a3 Bd6 9. Nh3 Nf6 10. g3 O-O 11. Bg2 Nd5 12. Bxd6 Qxd6 13. Qxc4 Nce7 14. Rhc1
c6 15. Kf1 Nf5 16. Bxd5 exd5 17. Qd3 Qf6 18. b4 Rfe8 19. Nf4 Nxe3+ 20. fxe3 g5
21. Kg2 gxf4 22. exf4 Re4 23. Rd1 Rae8 24. Rd2 Re3 25. Qc2 R8e4 26. b5 Rxd4 27.
bxc6 bxc6 28. Rxd4 Qxd4 29. Rb8+ Kg7 30. Qxc6 Qe4+ 31. Kh3 Re2 32. Qc8 Qe6+ 33.
f5 Qh6+ 34. Kg4 Re4+ 35. Kf3 Qe3+ 36. Kg2 Qe2+ 37. Kh3 Qf1# 0-1

[Event "msr_zs_ss_201819"]
[Site "?"]
[Date "2019.03.27"]
[Round "3.8"]
[White "Cirska, Nina"]
[Black "Majirska, Karin"]
[Result "0-1"]
[WhiteElo "1152"]
[BlackElo "1478"]
[PlyCount "88"]
[EventDate "2019.??.??"]
[WhiteClock "0:00:15"]
[BlackClock "0:00:17"]

1. e4 d5 2. exd5 Qxd5 3. Nc3 Qd6 4. d4 Nf6 5. Nf3 a6 6. Bd3 Nc6 7. h3 h6 8. Be3
Nb4 9. a3 Nxd3+ 10. Qxd3 e6 11. Ne4 Nxe4 12. Qxe4 Qd5 13. Qxd5 exd5 14. O-O Be7
15. Rfe1 Bf5 16. Rac1 O-O 17. Bf4 Bd8 18. Re5 Be6 19. c3 Bf6 20. Ree1 c6 21.
Ne5 Bxe5 22. Bxe5 Rfe8 23. Re3 f6 24. Bf4 Bf7 25. Rce1 Kh7 26. h4 Rxe3 27. Rxe3
Re8 28. Rg3 Re2 29. b3 Rb2 30. b4 Ra2 31. a4 Rxa4 32. Re3 Ra1+ 33. Kh2 b6 34.
Re7 Bg6 35. Rc7 Be8 36. Re7 Bg6 37. Re3 a5 38. bxa5 bxa5 39. Bd6 a4 40. Re6 a3
41. Bf8 Kg8 42. Bb4 a2 43. Re2 Bd3 44. Rd2 Bc4 0-1

[Event "msr_zs_ss_201819"]
[Site "?"]
[Date "2019.03.27"]
[Round "3.9"]
[White "Tokarcik, Patrik"]
[Black "Elias, David"]
[Result "1/2-1/2"]
[WhiteElo "1361"]
[BlackElo "1454"]
[PlyCount "150"]
[EventDate "2019.??.??"]
[WhiteClock "0:01:12"]
[BlackClock "0:02:18"]

1. e4 d5 2. exd5 Qxd5 3. Nc3 Qa5 4. Nf3 c6 5. Bc4 Bf5 6. O-O Nf6 7. d3 e6 8.
Bg5 Nbd7 9. Re1 Bd6 10. Bd2 Qc7 11. Ne4 Nxe4 12. dxe4 Bg4 13. h3 Bxf3 14. Qxf3
Ne5 15. Qc3 O-O-O 16. Rad1 h6 17. Bb3 g5 18. Be3 Kb8 19. Rd2 Rhe8 20. Qd4 b6
21. Qc3 f5 22. exf5 exf5 23. Bd4 Nf3+ 24. gxf3 Rxe1+ 25. Kg2 Bh2 26. Be5 Rxe5
27. Rxd8+ Qxd8 28. Kxh2 Qd6 29. Kg2 h5 30. Qc4 Rd5 31. Qe2 Re5 32. Qc4 Qd5 33.
Qxd5 cxd5 34. Kg3 Kc7 35. f4 h4+ 36. Kf3 gxf4 37. Kxf4 Re2 38. f3 Rh2 39. Bxd5
Kd6 40. Bb3 Rxh3 41. Kxf5 Rxf3+ 42. Kg4 Rf8 43. Kxh4 Kc5 44. Kg3 a6 45. a3 b5
46. a4 b4 47. c3 bxc3 48. bxc3 Rb8 49. Ba2 Rb2 50. Be6 Rc2 51. Bc8 Rxc3+ 52.
Kf2 a5 53. Bd7 Rc4 54. Bb5 Re4 55. Kf3 Re5 56. Kf4 Re1 57. Kf3 Rb1 58. Be8 Kb4
59. Kf2 Ra1 60. Ke2 Kc3 61. Kf2 Ra3 62. Ke2 Ra2+ 63. Kd1 Kb2 64. Ke1 Ra3 65.
Kd2 Kb3 66. Ke2 Rxa4 67. Bxa4+ Kxa4 68. Kd2 Kb3 69. Kc1 a4 70. Kb1 a3 71. Ka1
Kb4 72. Ka2 Ka4 73. Ka1 Kb3 74. Kb1 a2+ 75. Ka1 Ka3 1/2-1/2

[Event "msr_zs_ss_201819"]
[Site "?"]
[Date "2019.03.27"]
[Round "3.10"]
[White "Cuker, Oliver"]
[Black "Tokarcik, Jan"]
[Result "1/2-1/2"]
[WhiteElo "1328"]
[BlackElo "1323"]
[PlyCount "95"]
[EventDate "2019.??.??"]
[WhiteClock "0:00:10"]
[BlackClock "0:00:21"]

1. c4 e5 2. Nc3 Nc6 3. Nf3 Nf6 4. d3 Bb4 5. Bd2 O-O 6. g3 d6 7. Bg2 Bd7 8. O-O
Qc8 9. a3 Ba5 10. b4 Bb6 11. Rb1 Bh3 12. a4 a5 13. b5 Nd4 14. Ng5 Bxg2 15. Kxg2
h6 16. Nge4 Qd8 17. Nxf6+ Qxf6 18. Nd5 Qe6 19. Nxb6 cxb6 20. e3 Nf5 21. Qf3
Rab8 22. Rfe1 Qg6 23. Kh1 Ne7 24. e4 f5 25. exf5 Rxf5 26. Qe3 d5 27. cxd5 Nxd5
28. Qe4 Ne7 29. Qc4+ Kh7 30. Be3 Rc8 31. Qb3 Rd8 32. Rbc1 Rf7 33. Rc3 Nd5 34.
Rc2 Nb4 35. Rd2 Nxd3 36. Red1 Rfd7 37. Kg1 e4 38. Qc3 Qf7 39. Qc2 Rc7 40. Qb1
Rd6 41. Bf4 Rcd7 42. Bxd6 Rxd6 43. Qc2 Qf3 44. Qb1 e3 45. fxe3 Qxe3+ 46. Kf1
Qf3+ 47. Kg1 Qe3+ 48. Kf1 1/2-1/2

[Event "msr_zs_ss_201819"]
[Site "?"]
[Date "2019.03.27"]
[Round "3.11"]
[White "Tokarcikova, Diana"]
[Black "Magda, Filip"]
[Result "0-1"]
[WhiteElo "1358"]
[BlackElo "1182"]
[PlyCount "42"]
[EventDate "2019.??.??"]
[WhiteClock "0:00:09"]
[BlackClock "0:02:59"]

1. e4 c5 2. Nf3 Nc6 3. d4 cxd4 4. Nxd4 g6 5. Nc3 Bg7 6. Be3 d6 7. Qd2 Nf6 8.
O-O-O O-O 9. Nb3 a6 10. Bh6 Bd7 11. Be2 b5 12. a3 b4 13. axb4 Nxb4 14. Bf3 Rc8
15. Rhe1 Qc7 16. Kb1 a5 17. Nd4 Qb6 18. h4 a4 19. Re2 a3 20. bxa3 Nd3+ 21. Ka2
Qb2# 0-1

[Event "msr_zs_ss_201819"]
[Site "?"]
[Date "2019.03.27"]
[Round "3.12"]
[White "Cukerova, Livia"]
[Black "Balon, Peter"]
[Result "0-1"]
[WhiteElo "1369"]
[BlackElo "1000"]
[PlyCount "88"]
[EventDate "2019.??.??"]
[WhiteClock "0:00:58"]
[BlackClock "0:05:10"]

1. d4 d5 2. Nc3 Nc6 3. Nf3 Bf5 4. Bf4 Nf6 5. e3 a6 6. Bd3 e6 7. a3 Bd6 8. Bxd6
Qxd6 9. Qe2 Bxd3 10. Qxd3 Ng4 11. h3 Nf6 12. O-O O-O-O 13. b4 h6 14. b5 axb5
15. Nxb5 Qe7 16. Ne5 Nxe5 17. dxe5 Nh5 18. Qd4 g5 19. Qa7 Kd7 20. Qxb7 Ke8 21.
Nxc7+ Kf8 22. Rad1 Rd7 23. Nxe6+ fxe6 24. Qb8+ Kg7 25. a4 Rxb8 26. a5 Ra8 27.
Ra1 Rda7 28. Rab1 Rxa5 29. Rb3 Ra1 30. Rfb1 Rxb1+ 31. Rxb1 Qc5 32. Rb2 Ra1+ 33.
Kh2 Qc3 34. Rb7+ Kg6 35. Re7 Qxe5+ 36. g3 Rf1 37. Kg2 Rc1 38. Re8 Rxc2 39. Rg8+
Kh7 40. Rd8 Qf5 41. Rd7+ Ng7 42. Rxg7+ Kxg7 43. Kg1 Qxf2+ 44. Kh1 Rc1# 0-1

[Event "msr_zs_ss_201819"]
[Site "?"]
[Date "2019.03.27"]
[Round "3.13"]
[White "Greno, Pavol"]
[Black "Cedzo, Adam"]
[Result "1-0"]
[WhiteElo "1351"]
[BlackElo "1468"]
[PlyCount "79"]
[EventDate "2019.??.??"]
[WhiteClock "0:00:52"]
[BlackClock "0:00:18"]

1. e4 e5 2. f4 d6 3. Nf3 Nc6 4. f5 Nf6 5. Nc3 Be7 6. Bc4 Na5 7. Be2 Nc6 8. Bc4
a6 9. a3 Bd7 10. d3 Na5 11. Ba2 b5 12. O-O c6 13. Qe2 Nb7 14. Kh1 Qc7 15. h3
Nh5 16. Qf2 O-O-O 17. Bxf7 Nf6 18. Ba2 h5 19. Be3 c5 20. Nd5 Nxd5 21. Bxd5 Bc6
22. Be6+ Bd7 23. Ba2 Bf6 24. Bg5 Rdg8 25. Bxg8 Rxg8 26. c3 Nd8 27. Rac1 Nf7 28.
Be3 Qd8 29. Qd2 g6 30. b4 gxf5 31. bxc5 dxc5 32. Bxc5 Ng5 33. Be3 f4 34. Bf2
Nxf3 35. gxf3 Bxh3 36. Rg1 Rxg1+ 37. Bxg1 Bh4 38. c4 bxc4 39. Rxc4+ Kd7 40. Qb4
1-0

[Event "msr_zs_ss_201819"]
[Site "?"]
[Date "2019.03.27"]
[Round "3.14"]
[White "Gartner, Mikulas"]
[Black "Simon, Leonard"]
[Result "1-0"]
[WhiteElo "1334"]
[BlackElo "1375"]
[PlyCount "95"]
[EventDate "2019.??.??"]
[WhiteClock "0:03:31"]
[BlackClock "0:00:21"]

1. d4 Nf6 2. c4 g6 3. Nc3 Bg7 4. e4 d6 5. Nf3 O-O 6. Be3 Nc6 7. a3 Nd7 8. Qd2
e5 9. d5 Na5 10. Qc2 b6 11. b4 Nb7 12. Qd2 Nf6 13. Bg5 Bg4 14. Be2 Rc8 15. h3
Bxf3 16. Bxf3 c6 17. O-O Qc7 18. Rac1 a5 19. b5 cxb5 20. cxb5 Qd7 21. Bxf6 Bxf6
22. Bg4 Qe7 23. Bxc8 Rxc8 24. Na4 Rxc1 25. Rxc1 Qd8 26. Rc6 Nc5 27. Nxc5 dxc5
28. d6 Kg7 29. d7 Bg5 30. Qd5 Qe7 31. Rc8 c4 32. d8=Q Qxa3 33. Qxe5+ f6 34.
Rc7+ Kh6 35. Qf8+ Qxf8 36. Qe7 Qg8 37. Qf7 Qh8 38. Rxc4 Bf4 39. Rc6 f5 40. g3
Bxg3 41. fxg3 Qa1+ 42. Kf2 Qb2+ 43. Ke3 Qa3+ 44. Kf4 Qb2 45. Qf8+ Kh5 46. g4+
fxg4 47. hxg4+ Kh4 48. Qh6# 1-0

[Event "msr_zs_ss_201819"]
[Site "?"]
[Date "2019.03.27"]
[Round "3.15"]
[White "Kuzma, Samuel"]
[Black "Kovalcik, Marko"]
[Result "1-0"]
[WhiteElo "1394"]
[BlackElo "1244"]
[PlyCount "83"]
[EventDate "2019.??.??"]
[WhiteClock "0:02:16"]
[BlackClock "0:01:29"]

1. Nf3 e6 2. d4 d5 3. Bf4 c5 4. e3 Nc6 5. c3 Qb6 6. Qb3 Qxb3 7. axb3 Nf6 8.
Nbd2 b6 9. Bd3 Bb7 10. Ne5 cxd4 11. exd4 Bd6 12. Ndf3 Nxe5 13. Nxe5 Bxe5 14.
Bxe5 Nh5 15. Be2 Nf6 16. O-O O-O 17. f3 Nd7 18. Bg3 f6 19. Ra2 e5 20. dxe5 Nxe5
21. Rfa1 a5 22. Bb5 Bc6 23. Bxc6 Nxc6 24. Bc7 Ra6 25. Re1 Rc8 26. Bf4 d4 27.
Rd1 dxc3 28. bxc3 Ne5 29. c4 Rc5 30. Rd8+ Kf7 31. Rb8 Nd3 32. Be3 Rc6 33. Rb7+
Ke8 34. Rxg7 Nc5 35. Bxc5 Rxc5 36. Rxh7 b5 37. cxb5 Rxb5 38. Ra3 Rab6 39. h4
Rxb3 40. Rxa5 Kf8 41. Ra8+ Rb8 42. Rh8+ 1-0

[Event "msr_zs_ss_201819"]
[Site "?"]
[Date "2019.03.27"]
[Round "3.16"]
[White "Obrocnikova, Viktoria"]
[Black "Sekova, Olivia"]
[Result "1-0"]
[WhiteElo "1232"]
[BlackElo "1081"]
[PlyCount "77"]
[EventDate "2019.??.??"]
[WhiteClock "0:00:42"]
[BlackClock "0:00:13"]

1. e4 c5 2. Nf3 Nc6 3. d4 cxd4 4. Nxd4 g6 5. Nc3 Bg7 6. Be3 Nf6 7. Bc4 O-O 8.
O-O d6 9. Re1 Bd7 10. Qd2 Rc8 11. Bb3 Nxd4 12. Bxd4 Bc6 13. Bd5 Qa5 14. Bxc6
Rxc6 15. e5 Ng4 16. Qf4 dxe5 17. Qxg4 exd4 18. Ne2 d3 19. cxd3 Bxb2 20. Rab1
Rd8 21. Red1 Bg7 22. a4 a6 23. Qb4 Qxb4 24. Rxb4 Rc2 25. Re4 e6 26. h3 Rd5 27.
Nf4 Rf5 28. g3 g5 29. Ne2 Rd5 30. Rb4 Rd7 31. Kf1 f5 32. d4 Ra2 33. Nc3 Rc2 34.
Ne2 Bf8 35. Rb3 e5 36. Ke1 Bg7 37. dxe5 Re7 38. f4 gxf4 39. gxf4 1-0

[Event "msr_zs_ss_201819"]
[Site "?"]
[Date "2019.03.27"]
[Round "4.1"]
[White "Volcko, Richard"]
[Black "Ondo, Tomas"]
[Result "1/2-1/2"]
[WhiteElo "1835"]
[BlackElo "1844"]
[PlyCount "117"]
[EventDate "2019.??.??"]
[WhiteClock "0:00:30"]
[BlackClock "0:00:29"]

1. e4 e5 2. Nf3 Nc6 3. Bb5 a6 4. Ba4 Nf6 5. d3 b5 6. Bb3 Be7 7. c3 O-O 8. O-O
d6 9. Re1 Na5 10. Bc2 c5 11. Nbd2 Re8 12. Nf1 Nc6 13. Ne3 Bf8 14. a4 Bb7 15. b3
d5 16. exd5 Nxd5 17. Bb2 Nxe3 18. Rxe3 Qd6 19. d4 exd4 20. Rxe8 Rxe8 21. cxd4
cxd4 22. Nxd4 Nxd4 23. Bxd4 Rd8 24. Be3 Qf6 25. Qf1 Qb2 26. Rc1 bxa4 27. bxa4
Bd6 28. g3 Qf6 29. f4 Ba3 30. Rd1 Rxd1 31. Qxd1 Qc6 32. Kf1 Qh1+ 33. Kf2 Qg2+
34. Ke1 Bb4+ 35. Bd2 Qh1+ 36. Kf2 Bc5+ 37. Be3 Qg2+ 38. Ke1 Bb4+ 39. Bd2 Qg1+
40. Ke2 Qxh2+ 41. Kd3 Qxg3+ 42. Kc4 Bxd2 43. Qxd2 Qh4 44. Qd6 g6 45. Qb8+ Kg7
46. Qxb7 Qxf4+ 47. Kb3 Qe3+ 48. Kc4 Qe2+ 49. Kc3 Qe5+ 50. Kd3 Qf5+ 51. Kc3 Qe5+
52. Kd2 Qf4+ 53. Kd3 Qf1+ 54. Kd4 Qf2+ 55. Kc3 Qf6+ 56. Kd2 Qd4+ 57. Ke2 Qg4+
58. Ke3 Qe6+ 59. Kd2 1/2-1/2

[Event "msr_zs_ss_201819"]
[Site "?"]
[Date "2019.03.27"]
[Round "4.2"]
[White "Ihnat, Marek"]
[Black "Ferkova, Dominika"]
[Result "0-1"]
[WhiteElo "1753"]
[BlackElo "1766"]
[PlyCount "72"]
[EventDate "2019.??.??"]
[WhiteClock "0:00:09"]
[BlackClock "0:01:30"]

1. e4 c6 2. d4 d5 3. Nc3 dxe4 4. Nxe4 Bf5 5. Ng3 Bg6 6. Nf3 Nd7 7. h4 h6 8. h5
Bh7 9. Bd3 Bxd3 10. Qxd3 e6 11. Bd2 Ngf6 12. O-O-O Be7 13. Ne4 Nxe4 14. Qxe4
Nf6 15. Qe2 Qd5 16. c4 Qe4 17. Qxe4 Nxe4 18. Be3 f5 19. g3 O-O 20. Ne5 Rfe8 21.
Ng6 Bf6 22. Rhe1 Rad8 23. Kb1 b5 24. cxb5 cxb5 25. Ne5 a6 26. Nc6 Rd6 27. Nb4
a5 28. Nc2 Rc8 29. f3 Ng5 30. Bf4 Rdc6 31. Na3 Nxf3 32. Re3 Nxd4 33. Red3 e5
34. Be3 Rc5 35. Bf2 b4 36. Bxd4 exd4 0-1

[Event "msr_zs_ss_201819"]
[Site "?"]
[Date "2019.03.27"]
[Round "4.3"]
[White "Billy, Benedikt"]
[Black "Polak, Marcel"]
[Result "1-0"]
[WhiteElo "1414"]
[BlackElo "1550"]
[PlyCount "83"]
[EventDate "2019.??.??"]
[WhiteClock "0:05:36"]
[BlackClock "0:01:43"]

1. e4 c5 2. Nf3 e6 3. d3 Nc6 4. g3 Nge7 5. Bg2 g6 6. O-O Bg7 7. Be3 b6 8. c3
O-O 9. Nbd2 d5 10. exd5 exd5 11. Rc1 Bb7 12. b3 Ba6 13. c4 d4 14. Bf4 Nb4 15.
Ne4 Bb7 16. a3 Na2 17. Rc2 Bxe4 18. Rxa2 Bb7 19. b4 Bc6 20. b5 Bb7 21. Re2 a6
22. a4 axb5 23. axb5 Ra3 24. Rfe1 Nf5 25. Ne5 Bxg2 26. Kxg2 Qa8+ 27. Kg1 Rd8
28. Nc6 Rf8 29. Ne7+ Nxe7 30. Rxe7 Bf6 31. R7e2 Qf3 32. Rd2 Qb7 33. Be5 Bxe5
34. Rxe5 Rfa8 35. Qe2 Ra1+ 36. Rd1 Kg7 37. h4 R8a2 38. Qe1 Rxd1 39. Qxd1 Qf3
40. Qxf3 Rd2 41. Re7 Kg8 42. Qxf7+ 1-0